10 Most Populous European Countries in Order Quiz Stats

 Plays Quiz Updated Mar 14, 2016

Challenge
Share
Tweet
Embed
Score 0/10 Timer 02:00
1 Play Today
% Correct
???
100%
???
80.4%
???
51.6%
???
40.1%
???
32.5%
???
21.2%
???
16%
???
9.4%
???
8.3%
???
8.3%

You're not logged in!

Compare scores with friends on all Sporcle quizzes.
OR
Log In

You Might Also Like...

Show Comments

Extras

Top Quizzes Today


Score Distribution

Your Account Isn't Verified!

In order to create a playlist on Sporcle, you need to verify the email address you used during registration. Go to your Sporcle Settings to finish the process.

Report this User

Report this user for behavior that violates our Community Guidelines.

Details: